| 000 | 00936nam-a2200217-a-4500 | ||
|---|---|---|---|
| 001 | YSU0062570 | ||
| 003 | AM-YeHGA | ||
| 005 | 20250617162329.0 | ||
| 008 | 990504s1955 xxu 000 0 rus u | ||
| 040 | _aAM-YeHGA | ||
| 041 | 0 | _arus | |
| 100 | 1 | _aПогуляев, Даниил Иванович | |
| 245 | 1 | 0 |
_aГеология и полезные ископаемые Смоленской области / _cД.И. Погуляев ; Смоленский краеведчексий научно-исследовательский ин-т |
| 260 | 0 |
_aСмоленск : _bСмоленское кн. изд. , _c1955. |
|
| 300 | _aтом | ||
| 505 | 1 | 0 |
_gТ. 1 ( 1955, 248 с., 13 л. карт.) _gТ. 2 (1955, 319 с. , 8 л. карт.) |
| 650 | 4 | _aГеология | |
| 710 | 2 | _aСмоленский краеведческий научно-исследовательский ин-т | |
| 942 |
_2udc _cBK |
||
| 090 | _c490959 | ||
| 999 |
_c487590 _d487590 |
||